[Event "Pia Cramling Ladies Open 2018"]
[Site "Stockholm"]
[Date "2018.09.02"]
[Round "5"]
[White "Berg, Maria"]
[Black "Truskavetska, Solomia"]
[Result "1-0"]
[WhiteElo "1722"]
[BlackElo "1081"]
[Annotator "NA RC"]
[PlyCount "139"]
[EventDate "2018.09.01"]
[EventType "swiss"]
[EventCountry "SWE"]
[SourceTitle "playchess.com"]
[Source "ChessBase"]
[SourceQuality "1"]
[TimeControl "1800+10"]

1. e4 {[%emt 0:00:00]} d5 {[%emt 0:00:01]} 2. exd5 {[%emt 0:00:22]} Nf6 {[%emt 0:00:19]} 3. Nc3 {[%emt 0:00:25]} Nxd5 {[%emt 0:00:21]} 4. Bc4 {[%emt 0:04:41]} Nb6 {[%emt 0:01:46]} 5. Bb3 {[%emt 0:00:42]} e5 {[%emt 0:00:39]} 6. Nge2 {[%emt 0:02:12]} Nc6 {[%emt 0:01:10]} 7. O-O {[%emt 0:00:12]} Bd6 {[%emt 0:01:38]} 8. d3 {[%emt 0:00:23]} O-O {[%emt 0:02:05]} 9. Be3 {[%emt 0:00:31]} a5 {[%emt 0:00:53]} 10. Ne4 {[%emt 0:01:40]} a4 {[%emt 0:02:10]} 11. Bc4 {[%emt 0:04:45]} Nxc4 {[%emt 0:00:10]} 12. dxc4 {[%emt 0:00:10]} Be7 {[%emt 0:00:10]} 13. c3 {[%emt 0:00:10]} f5 {[%emt 0:00:10]} 14. Qc2 {[%emt 0:00:10]} fxe4 {[%emt 0:00:10]} 15. Rad1 {[%emt 0:00:10]} Qe8 {[%emt 0:06:04]} 16. Qxe4 {[%emt 0:11:58]} Qg6 {[%emt 0:03:13]} 17. Qd5+ {[%emt 0:00:37]} Be6 {[%emt 0:02:13]} 18. Qb5 {[%emt 0:02:19]} Bc8 {[%emt 0:03:21]} 19. c5 {[%emt 0:00:24]} Ra5 {[%emt 0:02:38]} 20. Qd3 {[%emt 0:00:04]} Qxd3 {[%emt 0:00:20]} 21. Rxd3 {[%emt 0:00:01]} Bxc5 {[%emt 0:00:39]} 22. b4 {[%emt 0:00:28]} axb3 {[%emt 0:00:19]} 23. axb3 {[%emt 0:00:02]} Bxe3 {[%emt 0:00:32]} 24. Rxe3 {[%emt 0:00:01]} g6 {[%emt 0:01:05]} 25. Re1 {[%emt 0:00:07]} Bf5 {[%emt 0:00:58]} 26. Ng3 {[%emt 0:00:04]} Bc2 {[%emt 0:00:08]} 27. b4 {[%emt 0:00:02]} Ra2 {[%emt 0:00:01]} 28. b5 {[%emt 0:00:11]} Na7 {[%emt 0:00:21]} 29. Rxe5 {[%emt 0:00:02]} Bd3 {[%emt 0:00:05]} 30. Nh1 {[%emt 0:00:22]} Nxb5 {[%emt 0:00:10]} 31. Rd5 {[%emt 0:00:04]} Rd2 {[%emt 0:00:20]} 32. f3 {[%emt 0:00:24]} Rf5 {[%emt 0:00:42]} 33. Rd8+ {[%emt 0:00:03]} Kg7 {[%emt 0:00:05]} 34. Ng3 {[%emt 0:00:03]} Rf8 {[%emt 0:00:11]} 35. Rd5 {[%emt 0:00:07]} Nxc3 {[%emt 0:00:18]} 36. Rd4 {[%emt 0:00:42]} c5 {[%emt 0:00:16]} 37. Rd7+ {[%emt 0:00:43]} Rf7 {[%emt 0:00:13]} 38. Rd8 {[%emt 0:00:14]} c4 {[%emt 0:00:03]} 39. Ree8 {[%emt 0:00:31]} b5 {[%emt 0:00:17]} 40. Rg8+ {[%emt 0:00:16]} Kh6 {[%emt 0:00:01]} 41. Rd4 {[%emt 0:00:03]} g5 {[%emt 0:00:19]} 42. Rd6+ {[%emt 0:00:21]} Bg6 {[%emt 0:00:05]} 43. Rxd2 {[%emt 0:00:13]} b4 {[%emt 0:00:17]} 44. Rb8 {[%emt 0:00:02]} Re7 {[%emt 0:00:13]} 45. Rxb4 {[%emt 0:00:04]} Rc7 {[%emt 0:00:02]} 46. Rd4 {[%emt 0:00:04]} Bd3 {[%emt 0:00:07]} 47. Rd6+ {[%emt 0:00:27]} Kg7 {[%emt 0:00:04]} 48. Kf2 {[%emt 0:00:10]} Re7 {[%emt 0:00:17]} 49. Rc6 {[%emt 0:00:11]} h6 {[%emt 0:00:13]} 50. Rbxc4 {[%emt 0:00:03]} Bxc4 {[%emt 0:00:03]} 51. Nf5+ {[%emt 0:00:01]} Kf7 {[%emt 0:00:06]} 52. Nxe7 {[%emt 0:00:03]} Kxe7 {[%emt 0:00:02]} 53. Rxc4 {[%emt 0:00:00]} Nd1+ {[%emt 0:00:02]} 54. Ke2 {[%emt 0:00:03]} Nb2 {[%emt 0:00:02]} 55. Rc2 {[%emt 0:00:03]} Na4 {[%emt 0:00:02]} 56. Ke3 {[%emt 0:00:04]} h5 {[%emt 0:00:11]} 57. Rc6 {[%emt 0:00:02]} Kf7 {[%emt 0:00:21]} 58. Ke4 {[%emt 0:00:04]} Nb2 {[%emt 0:00:11]} 59. Kf5 {[%emt 0:00:03]} Nd1 {[%emt 0:00:02]} 60. Kxg5 {[%emt 0:00:11]} Ne3 {[%emt 0:00:02]} 61. g4 {[%emt 0:00:15]} hxg4 {[%emt 0:00:16]} 62. fxg4 {[%emt 0:00:03]} Nd5 {[%emt 0:00:07]} 63. h4 {[%emt 0:00:11]} Kg7 {[%emt 0:00:22]} 64. h5 {[%emt 0:00:10]} Kg8 {[%emt 0:00:06]} 65. Rd6 {[%emt 0:00:28]} Ne7 {[%emt 0:00:13]} 66. Kf6 {[%emt 0:00:08]} Kh7 {[%emt 0:00:24]} 67. Kxe7 {[%emt 0:00:06]} Kg7 {[%emt 0:00:02]} 68. g5 {[%emt 0:00:26]} Kh7 {[%emt 0:00:07]} 69. Kf7 {[%emt 0:00:08]} Kh8 {[%emt 0:00:07]} 70. Rh6# {[%emt 0:00:02]} 1-0

[Event "Pia Cramling Ladies Open 2018"]
[Site "Stockholm"]
[Date "2018.09.02"]
[Round "5"]
[White "Olsson, Linn"]
[Black "Mirabdulla, Zulfiya"]
[Result "1-0"]
[WhiteElo "1703"]
[BlackElo "1350"]
[Annotator "NA RC"]
[PlyCount "46"]
[EventDate "2018.09.01"]
[EventType "swiss"]
[EventCountry "SWE"]
[SourceTitle "playchess.com"]
[Source "ChessBase"]
[SourceQuality "1"]
[TimeControl "1800+10"]

1. d4 {[%emt 0:00:00]} d5 {[%emt 0:00:00]} 2. c4 {[%emt 0:00:10]} dxc4 {[%emt 0:00:23]} 3. Nc3 {[%emt 0:00:00]} Nf6 {[%emt 0:00:28]} 4. Nf3 {[%emt 0:00:35]} e6 {[%emt 0:01:26]} 5. Bg5 {[%emt 0:00:22]} Be7 {[%emt 0:02:08]} 6. e3 {[%emt 0:00:19]} b6 {[%emt 0:02:12]} 7. Bxc4 {[%emt 0:01:01]} Bb7 {[%emt 0:00:33]} 8. O-O {[%emt 0:00:56]} O-O {[%emt 0:00:18]} 9. Rc1 {[%emt 0:00:34]} Nc6 {[%emt 0:03:50]} 10. a3 {[%emt 0:03:34]} a6 {[%emt 0:01:15]} 11. Bd3 {[%emt 0:00:45]} Re8 {[%emt 0:00:51]} 12. Re1 {[%emt 0:02:35]} Qd6 {[%emt 0:06:06]} 13. Bf4 {[%emt 0:03:38]} Qd7 {[%emt 0:01:20]} 14. h3 {[%emt 0:01:10]} Nh5 {[%emt 0:01:10]} 15. Bh2 {[%emt 0:00:26]} Bd6 {[%emt 0:01:16]} 16. Ne5 {[%emt 0:01:13]} Bxe5 {[%emt 0:02:47]} 17. dxe5 {[%emt 0:03:01]} g6 {[%emt 0:01:10]} 18. Ne4 {[%emt 0:00:27]} Qd5 {[%emt 0:02:43]} 19. g4 {[%emt 0:01:08]} f5 {[%emt 0:01:54]} 20. gxh5 {[%emt 0:03:38]} fxe4 21. Be2 {[%emt 0:01:03]} Nxe5 {[%emt 0:01:28]} 22. Qxd5 {[%emt 0:00:39]} exd5 {[%emt 0:00:01]} 23. Rxc7 {[%emt 0:01:58]} Bc8 1-0

[Event "Pia Cramling Ladies Open 2018"]
[Site "Stockholm"]
[Date "2018.09.02"]
[Round "5"]
[White "Hellmer, Helena"]
[Black "Berg Laachiri, Susanna"]
[Result "0-1"]
[WhiteElo "1436"]
[BlackElo "1903"]
[Annotator "NA RC"]
[PlyCount "84"]
[EventDate "2018.09.01"]
[EventType "swiss"]
[EventCountry "SWE"]
[SourceTitle "playchess.com"]
[Source "ChessBase"]
[SourceQuality "1"]
[TimeControl "1800+10"]

1. Nf3 {[%emt 0:00:00]} d5 {[%emt 0:00:00]} 2. g3 {[%emt 0:00:10]} Nf6 {[%emt 0:00:09]} 3. d3 {[%emt 0:00:01]} Nc6 {[%emt 0:01:26]} 4. Bg2 {[%emt 0:00:03]} e5 {[%emt 0:00:22]} 5. Nbd2 {[%emt 0:00:18]} Be7 {[%emt 0:01:00]} 6. O-O {[%emt 0:00:13]} O-O {[%emt 0:01:03] LiveBook: 48 Games} 7. Re1 {[%emt 0:00:27] A07: Réti Opening: New York and Capablanca Systems} (7. e4 Re8 8. Re1 Bf8 9. exd5 Nxd5 10. Nc4 f6 11. Bd2 Bg4 12. h3 Bh5 13. a3 a5 14. a4 Ndb4 15. Bc3 Bc5 {0-1 (49) Kurnosov,I (2657)-Vitiugov,N (2734) Khanty-Mansiysk 2013}) 7... e4 {[%emt 0:04:08]} 8. Ng5 {[%emt 0:02:31] [#]} (8. dxe4 $15 dxe4 9. Ng5) 8... e3 $1 {[%emt 0:00:48]} 9. Ndf3 $146 {[%emt 0:03:04]} ({Predecessor:} 9. fxe3 Ng4 10. Ndf3 Bxg5 {0-1 (10) Giannoni,S-Garau,B (2299) ICCF email 2014}) 9... Ng4 {[%emt 0:04:42]} (9... exf2+ $19 10. Kxf2 h6) 10. Nh3 {[%emt 0:00:53] [#]} exf2+ {[%emt 0:06:10]} (10... Bc5 $1 $17 11. d4 exf2+ 12. Nxf2 {[#]} Nxd4 $1 {[%mdl 512]} 13. Nxd4 Nxf2 14. Kxf2 Qf6+ 15. Kg1 Qxd4+ 16. Qxd4 Bxd4+ 17. e3 Bb6 18. Bxd5 c6) 11. Nxf2 {[%emt 0:00:02]} Nxf2 {[%emt 0:00:33]} 12. Kxf2 {[%emt 0:00:03]} Be6 {[%emt 0:00:20]} 13. d4 {[%emt 0:01:37]} Bf6 {[%emt 0:00:36]} 14. c3 {[%emt 0:00:11]} Qd7 {[%emt 0:00:15]} 15. Bf4 {[%emt 0:00:49]} Bf5 {[%emt 0:00:29]} 16. Ne5 {[%emt 0:03:11]} Bxe5 {[%emt 0:01:12]} 17. Bxe5 {[%emt 0:00:09]} Nxe5 {[%emt 0:03:20]} 18. dxe5 {[%emt 0:00:02]} c6 {[%emt 0:00:18]} 19. e4 {[%emt 0:00:50]} Bg4 {[%emt 0:00:07]} 20. Bf3 {[%emt 0:01:03]} Bxf3 {[%emt 0:00:22]} 21. Qxf3 {[%emt 0:00:03]} dxe4 {[%emt 0:00:13]} 22. Rxe4 {[%emt 0:00:14]} Rad8 {[%emt 0:00:51]} 23. Rd4 {[%emt 0:00:05]} Qh3 {[%emt 0:00:53]} 24. Kg1 {[%emt 0:01:10]} Qe6 {[%emt 0:00:32]} 25. Re1 {[%emt 0:00:24]} (25. Qd3 $11 {keeps the balance.} Rxd4 26. Qxd4) 25... Rxd4 {[%emt 0:00:42]} 26. cxd4 {[%emt 0:00:05]} Qxa2 {[%emt 0:00:25]} 27. Re2 {[%emt 0:00:02]} Qc4 {[%emt 0:00:19]} 28. Qf2 {[%emt 0:00:28]} a5 {[%emt 0:00:09]} 29. Rc2 {[%emt 0:00:04]} Qe6 {[%emt 0:00:10]} 30. Qd2 {[%emt 0:00:55]} h6 {[%emt 0:00:10]} (30... Qd7 $19 {ist viel giftiger.} 31. Qf2 Rd8) 31. Qxa5 {[%emt 0:00:21]} Qf5 {[%emt 0:00:20]} 32. Qd2 {[%emt 0:00:22]} Rd8 {[%emt 0:00:11]} 33. Rc5 {[%emt 0:00:52]} Qe4 {[%emt 0:00:09]} 34. Ra5 {[%emt 0:03:42]} Rxd4 {[%emt 0:00:20]} 35. Ra8+ $19 {[%emt 0:00:15]} Kh7 {[%emt 0:00:01]} 36. Qc1 {[%emt 0:02:29]} Rc4 {[%emt 0:00:02]} 37. Qf1 {[%emt 0:01:28]} Rc2 {[%emt 0:00:45]} 38. Ra3 {[%emt 0:01:39]} Qd4+ {[%emt 0:00:59]} 39. Kh1 {[%emt 0:00:15]} Rf2 {[%emt 0:00:19]} 40. Qb1+ {[%emt 0:01:00]} g6 {[%emt 0:00:03]} 41. b4 {[%emt 0:03:48]} Qd5+ {[%emt 0:00:09]} 42. Kg1 {[%emt 0:00:02]} Qg2# 0-1

[Event "Pia Cramling Ladies Open 2018"]
[Site "Stockholm"]
[Date "2018.09.02"]
[Round "5"]
[White "Ostensson, Julia"]
[Black "Ristoja, Aulikki"]
[Result "1-0"]
[WhiteElo "1375"]
[BlackElo "1530"]
[Annotator "NA RC"]
[PlyCount "125"]
[EventDate "2018.09.01"]
[EventType "swiss"]
[EventCountry "SWE"]
[SourceTitle "playchess.com"]
[Source "ChessBase"]
[SourceQuality "1"]
[TimeControl "1800+10"]

1. e4 {[%emt 0:00:00]} d5 {[%emt 0:00:00]} 2. exd5 {[%emt 0:00:05]} Qxd5 {[%emt 0:00:03]} 3. Nc3 {[%emt 0:00:56]} Qa5 {[%emt 0:00:03]} 4. d4 {[%emt 0:01:26]} Nf6 {[%emt 0:00:29]} 5. Nf3 {[%emt 0:00:49]} Bg4 {[%emt 0:00:12]} 6. Be2 {[%emt 0:01:26]} c6 {[%emt 0:00:26]} 7. Bd2 {[%emt 0:01:35]} Bxf3 {[%emt 0:01:31]} 8. Bxf3 {[%emt 0:01:06]} Qb6 {[%emt 0:00:06]} 9. Bf4 {[%emt 0:02:07]} Qxb2 {[%emt 0:02:45]} 10. Ne2 {[%emt 0:01:44]} Qb4+ {[%emt 0:03:16]} 11. Bd2 {[%emt 0:00:44]} Qd6 {[%emt 0:00:36]} 12. Rb1 {[%emt 0:01:05]} Qd7 {[%emt 0:00:52]} 13. Bg5 {[%emt 0:01:01]} e6 {[%emt 0:02:42]} 14. Bxf6 {[%emt 0:01:22]} gxf6 {[%emt 0:00:04]} 15. Qd2 {[%emt 0:01:09]} Qc7 {[%emt 0:01:51]} 16. O-O {[%emt 0:01:08]} Nd7 {[%emt 0:02:26]} 17. Rb3 {[%emt 0:01:15]} Bd6 {[%emt 0:00:57]} 18. h3 {[%emt 0:01:14]} h5 {[%emt 0:02:48]} 19. Rfb1 {[%emt 0:01:21]} b6 {[%emt 0:01:50]} 20. Qe3 {[%emt 0:01:59]} Rc8 {[%emt 0:01:36]} 21. Rc3 {[%emt 0:01:17]} c5 {[%emt 0:02:44]} 22. d5 {[%emt 0:00:28]} e5 {[%emt 0:00:51]} 23. Qe4 {[%emt 0:00:49]} Qd8 {[%emt 0:00:56]} 24. Ng3 {[%emt 0:00:40]} h4 {[%emt 0:01:08]} 25. Nf5 {[%emt 0:00:25]} Bf8 {[%emt 0:01:30]} 26. Rc4 {[%emt 0:01:27]} a6 {[%emt 0:00:59]} 27. Ra4 {[%emt 0:01:30]} a5 {[%emt 0:00:53]} 28. c4 {[%emt 0:00:21]} Rb8 {[%emt 0:00:07]} 29. Be2 {[%emt 0:00:21]} Rb7 {[%emt 0:00:03]} 30. Ra3 {[%emt 0:00:19]} Qb8 {[%emt 0:00:02]} 31. Rab3 {[%emt 0:00:02]} a4 {[%emt 0:00:10]} 32. R3b2 {[%emt 0:00:33]} Qc7 {[%emt 0:00:17]} 33. Bf3 {[%emt 0:01:16]} Nb8 {[%emt 0:00:03]} 34. a3 {[%emt 0:00:14]} Na6 {[%emt 0:00:03]} 35. Qe3 {[%emt 0:00:13]} Be7 {[%emt 0:00:10]} 36. Rd1 {[%emt 0:00:11]} Rb8 {[%emt 0:00:21]} 37. d6 {[%emt 0:00:15]} Bxd6 {[%emt 0:00:04]} 38. Rxd6 {[%emt 0:00:05]} Rd8 {[%emt 0:00:23]} 39. Rbxb6 {[%emt 0:00:38]} Nb8 {[%emt 0:00:08]} 40. Rxd8+ {[%emt 0:00:33]} Qxd8 {[%emt 0:00:02]} 41. Rd6 {[%emt 0:00:07]} Qa5 {[%emt 0:00:11]} 42. Qd2 {[%emt 0:00:19]} Qxd2 {[%emt 0:00:07]} 43. Rxd2 {[%emt 0:00:02]} Nd7 {[%emt 0:00:04]} 44. Bc6 {[%emt 0:00:09]} Rh5 {[%emt 0:00:16]} 45. Bxd7+ {[%emt 0:00:02]} Kf8 {[%emt 0:00:01]} 46. Kh2 {[%emt 0:00:32]} Rg5 {[%emt 0:00:04]} 47. g3 {[%emt 0:00:09]} hxg3+ {[%emt 0:00:02]} 48. fxg3 {[%emt 0:00:02]} Rxf5 {[%emt 0:00:04]} 49. Bxf5 {[%emt 0:00:02]} Kg7 {[%emt 0:00:02]} 50. Rd5 {[%emt 0:00:03]} Kh6 {[%emt 0:00:03]} 51. Rxc5 {[%emt 0:00:05]} Kg5 {[%emt 0:00:02]} 52. Bc2 {[%emt 0:00:06]} f5 {[%emt 0:00:03]} 53. Rxe5 {[%emt 0:00:03]} f6 {[%emt 0:00:02]} 54. Re1 {[%emt 0:00:09]} f4 {[%emt 0:00:03]} 55. c5 {[%emt 0:00:03]} fxg3+ {[%emt 0:00:03]} 56. Kxg3 {[%emt 0:00:03]} f5 {[%emt 0:00:01]} 57. c6 {[%emt 0:00:04]} f4+ {[%emt 0:00:01]} 58. Kf3 {[%emt 0:00:04]} Kh4 {[%emt 0:00:03]} 59. c7 {[%emt 0:00:06]} Kh5 {[%emt 0:00:07]} 60. Re5+ {[%emt 0:00:04]} Kh6 61. c8=Q Kg7 {[%emt 0:00:02]} 62. Qc7+ {[%emt 0:00:16]} Kf8 {[%emt 0:00:15]} 63. Rb5 {[%emt 0:00:08]} 1-0

[Event "Pia Cramling Ladies Open 2018"]
[Site "Stockholm"]
[Date "2018.09.02"]
[Round "6"]
[White "Agrest, Inna"]
[Black "Reizniece-Ozola, Dana"]
[Result "1/2-1/2"]
[WhiteElo "2283"]
[BlackElo "2304"]
[Annotator "NA"]
[PlyCount "71"]
[EventDate "2018.09.01"]
[EventType "swiss"]
[EventCountry "SWE"]
[SourceTitle "playchess.com"]
[Source "ChessBase"]
[SourceQuality "1"]
[TimeControl "1800+10"]

{[%evp 22,69,5,0,-6,0,0,-5,-1,-10,52,57,50,57,45,42,60,32767,32767,0,0,-12,32767,32767,39,32,37,32767,32767,32767,32767,32767,32767,8,11,0,32767,204,198,32767,32767,10,5,5,32767,32767,32767,32767,32767,0]} 1. e4 {[%emt 0:00:00]} d6 {[%emt 0:00:00]} 2. d4 {[%emt 0:00:00]} g6 {[%emt 0:00:00]} 3. Nf3 {[%emt 0:00:00]} Bg7 {[%emt 0:00:00]} 4. Bd3 {[%emt 0:00:05]} Nf6 {[%emt 0:00:12]} 5. O-O {[%emt 0:00:08]} O-O {[%emt 0:00:04]} 6. Re1 {[%emt 0:00:08]} c5 {[%emt 0:00:45]} 7. c3 {[%emt 0:00:14]} Qc7 {[%emt 0:01:02]} 8. h3 {[%emt 0:01:26]} e5 {[%emt 0:01:39] B07: Pirc Defence: Miscellaneous Systems} (8... b6 9. e5 Nfd7 10. exd6 exd6 11. Na3 d5 12. Nb5 Qc6 13. dxc5 bxc5 14. c4 dxc4 15. Be4 Qxb5 16. Bxa8 {0-1 (39) Iordachescu,V (2588)-Donchenko,A (2570) Montpellier 2015}) 9. Na3 {[%emt 0:00:51]} a6 {[%emt 0:00:58]} 10. dxe5 {[%emt 0:01:48]} dxe5 {[%emt 0:00:01]} 11. Nc4 {[%emt 0:00:05]} Nc6 $146 {[%emt 0:00:37]} ({Predecessor:} 11... Nbd7 12. a4 b6 13. Bg5 Bb7 14. Bxf6 Bxf6 15. Ne3 Bg7 16. Qc2 Nf6 17. a5 {0-1 (67) Guadamuro Torrente,A (2215)-Guramishvili,S (2403) Benidorm 2012}) 12. a4 {[%emt 0:00:51]} Be6 {[%emt 0:00:51]} 13. Ne3 {[%emt 0:02:34]} Rfd8 {[%emt 0:02:21]} 14. Qe2 {[%emt 0:00:11]} Na5 {[%emt 0:00:37]} 15. Ng5 {[%emt 0:02:44]} Nh5 {[%emt 0:06:34]} (15... Bb3 $11) 16. Nxe6 {[%emt 0:04:04]} fxe6 {[%emt 0:00:01]} 17. Bc2 {[%emt 0:00:40]} Nf4 {[%emt 0:00:21]} 18. Qf1 {[%emt 0:02:05]} c4 {[%emt 0:00:03]} 19. g3 {[%emt 0:01:32]} Nd3 {[%emt 0:00:01]} 20. Rd1 {[%emt 0:00:09]} Nxc1 {[%emt 0:00:54]} 21. Raxc1 {[%emt 0:00:03]} Bh6 {[%emt 0:01:14]} 22. Qe2 {[%emt 0:00:03]} b5 {[%emt 0:01:39]} 23. Rxd8+ {[%emt 0:02:03]} Rxd8 {[%emt 0:00:01]} 24. Rd1 {[%emt 0:00:02]} Bxe3 {[%emt 0:01:52]} 25. Qxe3 {[%emt 0:00:31]} Rxd1+ {[%emt 0:00:55]} 26. Bxd1 {[%emt 0:00:01]} Qd6 {[%emt 0:01:07]} 27. Bg4 {[%emt 0:00:42]} Nb3 {[%emt 0:02:24]} 28. Qa7 {[%emt 0:00:42]} Nd2 {[%emt 0:02:53]} 29. axb5 {[%emt 0:01:42]} axb5 {[%emt 0:00:04]} 30. Be2 {[%emt 0:02:35]} Qc6 {[%emt 0:01:13] [#]} 31. Qb8+ {[%emt 0:00:35]} ({Better is} 31. Qe7 $1 $16 Nb3 32. Bg4) 31... Kf7 {[%emt 0:00:01]} 32. Qxe5 {[%emt 0:00:25]} Qxe4 {[%emt 0:00:13]} 33. Qc7+ {[%emt 0:02:12]} Ke8 {[%emt 0:00:02]} 34. Qc8+ {[%emt 0:00:18]} Ke7 {[%emt 0:00:01]} 35. Qc7+ $11 {[%emt 0:01:00]} Ke8 {[%emt 0:00:03]} 36. Qc8+ {[%emt 0:01:16]} 1/2-1/2

[Event "Pia Cramling Ladies Open 2018"]
[Site "Stockholm"]
[Date "2018.09.02"]
[Round "6"]
[White "Bengtsson, Siv"]
[Black "Andersson, Christin"]
[Result "0-1"]
[WhiteElo "2111"]
[BlackElo "2077"]
[Annotator "NA"]
[PlyCount "54"]
[EventDate "2018.09.01"]
[EventType "swiss"]
[EventCountry "SWE"]
[SourceTitle "playchess.com"]
[Source "ChessBase"]
[SourceQuality "1"]
[TimeControl "1800+10"]

1. e4 {[%emt 0:00:17]} e5 {[%emt 0:00:00]} 2. Nf3 {[%emt 0:00:02]} Nc6 {[%emt 0:00:00]} 3. Bb5 {[%emt 0:00:01]} a6 {[%emt 0:00:00]} 4. Ba4 {[%emt 0:00:04]} Nf6 {[%emt 0:00:15]} 5. d3 {[%emt 0:00:02]} d6 {[%emt 0:00:21] LiveBook: 1832 Games} 6. c3 {[%emt 0:00:13]} Be7 {[%emt 0:00:15]} 7. O-O {[%emt 0:00:18]} Bg4 {[%emt 0:00:12]} 8. Nbd2 {[%emt 0:01:04]} O-O {[%emt 0:00:10]} 9. h3 {[%emt 0:00:27]} Bh5 {[%emt 0:00:08]} 10. Re1 {[%emt 0:00:36]} Nd7 {[%emt 0:00:21]} 11. Nf1 {[%emt 0:03:29] C87: Closed Ruy Lopez: Steinitz-type lines after 6 Re1 d6} (11. Bc2 Nb6 12. Nf1 d5 13. Ng3 Bg6 14. Qe2 Re8 15. Be3 Qd6 16. Bxb6 cxb6 17. h4 h6 18. Bb3 d4 19. cxd4 Nxd4 20. Nxd4 Qxd4 {1-0 (45) So,W (2786)-Onischuk,A (2672) Saint Louis 2018}) 11... Bh4 {[%emt 0:01:38]} 12. Ng3 {[%emt 0:01:52]} Bxg3 {[%emt 0:00:15]} 13. fxg3 {[%emt 0:00:02]} Nc5 $146 {[%emt 0:00:24]} ({Predecessor:} 13... f5 14. Bb3+ Bf7 15. Bxf7+ Rxf7 16. Ng5 Re7 17. Qb3+ Kh8 18. Nf7+ Rxf7 19. Qxf7 fxe4 20. Rxe4 {1-0 (49) Povill Batlle,R (1846)-Gonzalez Muelas,J (1804) Barcelona 2013}) 14. Bc2 {[%emt 0:00:19]} d5 {[%emt 0:00:56]} 15. Be3 {[%emt 0:06:16]} d4 {[%emt 0:00:30]} (15... Bxf3 $5 16. gxf3 d4 $11) 16. Bf2 {[%emt 0:00:02]} (16. g4 $11) 16... Ne6 {[%emt 0:01:16]} (16... Bxf3 $11 {hält das Gleichgewicht.} 17. gxf3 Qd6) 17. g4 {[%emt 0:00:31]} Bg6 {[%emt 0:00:02]} 18. Nh4 {[%emt 0:00:30]} Nf4 {[%emt 0:00:45]} 19. Nxg6 {[%emt 0:00:03]} fxg6 {[%emt 0:00:20]} 20. Qd2 {[%emt 0:01:39]} Qg5 {[%emt 0:00:48]} 21. Rad1 {[%emt 0:01:40]} Rad8 {[%emt 0:00:32]} 22. Kh2 {[%emt 0:01:04]} h5 {[%emt 0:01:02]} 23. g3 {[%emt 0:01:47]} hxg4 {[%emt 0:01:12]} 24. gxf4 {[%emt 0:00:23]} Qh5 $15 {[%emt 0:00:24]} (24... exf4 $19 25. Bxd4 Nxd4 26. cxd4 g3+ 27. Kg1 Qh4 28. Bb3+ Kh7) 25. h4 {[%emt 0:00:58]} exf4 {[%emt 0:00:12]} 26. Rg1 {[%emt 0:00:23]} Ne5 {[%emt 0:00:40]} 27. Qe2 {[%emt 0:00:43]} g3+ {[%emt 0:00:11]} 0-1

[Event "Pia Cramling Ladies Open 2018"]
[Site "Stockholm"]
[Date "2018.09.02"]
[Round "6"]
[White "Tuominen, Tanja"]
[Black "Hunt, Harriet V"]
[Result "1-0"]
[WhiteElo "2076"]
[BlackElo "2439"]
[Annotator "TA"]
[PlyCount "109"]
[EventDate "2018.09.01"]
[EventType "swiss"]
[EventCountry "SWE"]
[SourceTitle "playchess.com"]
[Source "ChessBase"]
[SourceQuality "1"]

{[%evp 19,109,4,45,-23,-17,-15,-25,-22,-18,-62,-53,-60,-43,-53,-44,-49,-46,-62,-72,-118,-49,-47,-26,-33,-37,-30,-8,-7,-15,-54,-16,-51,0,0,0,0,21,15,28,24,56,39,26,31,47,9,13,8,16,9,38,0,14,14,142,120,107,88,85,86,87,82,91,54,59,61,79,8,28,29,27,0,250,198,203,210,464,397,373,332,543,461,439,469,450,419,29980,29980,29977,5499,6070,5811]} 1. e4 c5 2. c3 d5 3. exd5 Qxd5 4. d4 g6 5. Nf3 Bg7 6. Be2 cxd4 7. cxd4 Nf6 8. O-O O-O 9. Nc3 {B06: Moderne Verteidigung} Qa5 10. Qb3 Nbd7 {[%cal Bb8d7,Bd7b6,Bb6c4][%mdl 32] LiveBook: 4 Partien} (10... Qb6 11. Qxb6 axb6 12. Rd1 Rd8 13. d5 Na6 14. Be3 Nc5 15. h3 Bf5 16. Bc4 {0-1 (49) Djurhuus,R (2444)-Lie,K (2531) Oslo 2010}) 11. Bf4 (11. Re1 $14) 11... Nb6 $1 $11 12. Bd2 $146 ({Vorgänger:} 12. Rfd1 Be6 13. Qb5 Qxb5 14. Nxb5 Nfd5 {0-1 (86) Chan,P (2373)-Neubauer,M (2388) Bled 2002}) 12... Be6 13. Qd1 Nc4 14. b4 Qc7 15. Rc1 Nxd2 16. Qxd2 Qb6 17. Na4 Qd6 18. Nc5 {[%cal Ba4c5,Bc5d3,Bd3e5,Be5c4][%mdl 32]} Bd5 19. a3 b6 (19... Ng4 $17 20. g3 Rfd8) 20. Nd3 $15 Ne4 21. Qe3 Rac8 22. Nde5 f6 23. Nc4 $1 {[%cal Rc4d6]} Qe6 24. Ncd2 f5 25. Ba6 Rcd8 ({Besser ist} 25... Rxc1 $15 26. Rxc1 Nxd2 27. Qxd2 Bxf3 28. gxf3 Qd6) 26. Rfe1 $11 Qd7 27. Nxe4 Bxe4 28. Bc4+ Kh8 29. Ng5 Bh6 30. Nf7+ Rxf7 $1 31. Qxh6 Rf6 32. Rcd1 Rd6 33. f3 $36 {[%mdl 2048] Weiss kämpft um Vorteil.} Rxd4 34. Rc1 Bd5 35. Bf1 (35. Bb5 $5 {[%cal Rb5d7]} Qd6 36. Qe3 $14) 35... Qd6 36. Qe3 Rh4 (36... Bg8 $11 {hält das Gleichgewicht.}) 37. g3 Rh5 38. Qxe7 Qxe7 39. Rxe7 Bxf3 40. Rxa7 g5 41. Bg2 Bxg2 42. Kxg2 $14 {[%mdl 4096] Endspiel KTT-KTT} f4 43. Rc6 (43. a4 $16) 43... fxg3 44. hxg3 g4 $1 45. Rxb6 {[#] Tbb7 ist eine echte Drohung.} Rd2+ $2 (45... Rf5 $1 $11 {und Schwarz steht sicher.} 46. Rh6 Rd2+ 47. Kg1 Kg8 48. Ra8+ (48. Raxh7 Rd1+ 49. Kg2 Rd2+ 50. Kg1 Rd1+ 51. Kg2 Rd2+ 52. Kg1 $11) (48. Rhxh7 $2 Rdf2 $19) 48... Kg7) 46. Kg1 $18 {jetzt Tb8+ und aus.} Rd1+ 47. Kf2 {Beabsichtigt Tb8+ und Matt.} Rh2+ $2 (47... Rd8 48. Re6 Rf8+ 49. Kg2 Rd5) 48. Ke3 {Droht Matt per Tb8+.} Rd8 49. a4 {[%cal Ba3a4,Ba4a5][%mdl 32]} Rf8 $2 {[#]} (49... Rg2 {war nötig.} 50. Rbb7 Rxg3+ 51. Kf4 Rgd3 52. Rxh7+ Kg8 53. Rag7+ (53. Kxg4 R8d4+ 54. Kg5 Rd5+ 55. Kg4 R5d4+ 56. Kg5 Rd5+ 57. Kf4 R5d4+ 58. Ke5 Rd5+ 59. Kf4 R5d4+ 60. Ke5 Rd5+ 61. Kf4 $11) 53... Kf8 54. Rf7+ (54. Kxg4 R8d4+ 55. Kf5 Rd5+ 56. Kg6 Rd6+ 57. Kh5 Rh3+ 58. Kg4 Rxh7 $18) 54... Ke8) 50. a5 Rh3 51. Ke4 Rxg3 52. Rh6 Rh3 (52... Kg8 $18 53. Rhxh7 Rb8) 53. Raxh7+ $1 Kg8 54. Rxh3 (54. Rh8+ $142 Kg7 55. Rxh3 gxh3 56. Rxf8 Kxf8 57. Kf3 Kf7 58. a6 h2 59. Kg2) 54... gxh3 55. Rxh3 {Precision: Weiß = 53%, Schwarz = 34%.} 1-0